Prevención de accidentes y primeros auxilios
Wedi'i Gadw mewn:
| Prif Awdur: | |
|---|---|
| Fformat: | Llyfr |
| Iaith: | Sbaeneg |
| Cyhoeddwyd: |
Santiago
Andrés Bello
1986
|
| Cyfres: | Colección biblioteca saber
|
| Pynciau: | |
| Tagiau: |
Ychwanegu Tag
Dim Tagiau, Byddwch y cyntaf i dagio'r cofnod hwn!
|
MARC
| LEADER | 00000nam a2200000 a 4500 | ||
|---|---|---|---|
| 001 | UCW3845 | ||
| 003 | CL-VaPUC | ||
| 008 | 890420e19860000CL |||||||||||||||||spa|d | ||
| 082 | 0 | 4 | |a 616.0252 |b ROD |2 21 |
| 100 | 0 | |a Rodríguez C., Paz |e author |9 308248 | |
| 245 | 1 | 0 | |a Prevención de accidentes y primeros auxilios |
| 300 | |a 182 p | ||
| 942 | |c BK | ||
| 945 | |d 19890420 00:00:00 | ||
| 260 | |a Santiago |b Andrés Bello |c 1986 | ||
| 650 | 0 | |a Primeros auxilios |9 308210 | |
| 583 | |a last modification |c 19890420 00:00:00 |k Rodrigo Vera | ||
| 490 | 0 | |a Colección biblioteca saber | |
| 999 | |c 217727 |d 217725 | ||
| 952 | |0 0 |1 0 |4 0 |6 616_025200000000000_ROD_1986 |7 0 |8 P |9 205865 |a BIBEDU |b BIBEDU |c BIBEDU_PB |d 2019-11-15 |i 2738074 |o 616.0252 ROD 1986 |p 2738074 |r 2019-11-15 |w 2019-11-15 |y BK |k EDU | ||